| 000 | 00621nam a2200217Ia 4500 | ||
|---|---|---|---|
| 005 | 20250508162311.0 | ||
| 008 | 008 250505s9999 xx 000 0 eng d | ||
| 020 | _a0-06-041655-6 | ||
| 037 | _aTextual | ||
| 040 |
_aFEDL _beng _cFEDL |
||
| 041 |
_aeng _2eng |
||
| 084 |
_a001.5, DEV _qFEDL |
||
| 100 | _aDevito Joseph A | ||
| 245 | 0 | _aCommunicology: An introduction to the study of communication | |
| 260 |
_aNew York, USA _bHarper and Row Publishers _c1978 |
||
| 300 | _axviii,553p | ||
| 365 |
_aUSD _b11.95 |
||
| 650 | _aCommunication | ||
| 942 |
_cTEXL _h001.5, DEV |
||
| 999 |
_c1375691 _d1375691 |
||